Starostlivosť o zdravie žiaka

Bibliographic Details
Main Authors: Sovetov, Sergej Jevgenjevič, 1893-1967 (Author), Beľajev, K. I. (Author)
Other Authors: Masárová, Margita, 1931- (Translator)
Format: Book
Language:Slovak
Russian
PhysicalDescription:54, [2] s. 8°
Published: Bratislava Slovenské pedagogické nakladateľstvo 1955
Series:Pedagogické aktuality

MARC

LEADER 00000cam a2200000 a 4500
001 vtls001260847
003 SK-MaSNL
005 20260301112952.0
008 160404s1955 xo 00000 slo
035 |a SNK000211700 
040 |a SNK  |b slo  |c SNK  |e AACR2 
041 1 |a slo  |h rus 
044 |a xo  |c SK 
100 1 |a Sovetov, Sergej Jevgenjevič, 1893-1967  |4 aut  |9 454479 
240 1 0 |a O zdorovje škoľnika  |l Slovensky 
245 0 |a Starostlivosť o zdravie žiaka  |c S.E. Sovetov, K. I. Beľajev ; preložila Margita Vosátková 
260 |a Bratislava  |b Slovenské pedagogické nakladateľstvo  |c 1955 
300 |a 54, [2] s.  |c 8° 
490 1 |a Pedagogické aktuality  |v zv. 20 
700 1 |a Beľajev, K. I.  |4 aut  |9 454480 
700 1 |a Masárová, Margita,  |d 1931-  |4 trl  |9 121499 
830 0 |a Pedagogické aktuality  |9 292230 
958 |a RK 
999 |c 712136  |d 714066 
952 |t P60, <03>, [BOOK], {603}  |a SNK  |b SNK  |y PREZ  |7 0  |p 17A0425182  |o snkSD 10147  |i snk1368/55  |0 0  |1 0  |4 0  |d 1996-06-05  |l 0  |r 2025-11-24 00:00:00  |w 2026-02-23 
952 |t P60, <04>, [BOOK], {604}  |a SNK  |b SNK  |y VYP  |7 0  |p 17A0180005  |o snkSD 10147 D1  |0 0  |1 0  |4 0  |d 1999-02-16  |l 0  |r 2005-01-01 00:00:00  |w 2026-02-23